| 000 | 00880cam a2200253 a 4500 | ||
|---|---|---|---|
| 001 | 14666785 | ||
| 005 | 20250114123134.0 | ||
| 008 | 061212s2007 dcua b i001 0 eng | ||
| 020 | _a9780821369418 | ||
| 020 | _a0821369415 | ||
| 020 | _a9780821369425 (electronic) | ||
| 020 | _a0821369423 (electronic) | ||
| 050 | 0 | 0 |
_aJF1525.T67 _bP43 2007 |
| 082 | 0 | 0 |
_a352.3/4 _222 |
| 245 | 0 | 0 |
_aPerformance accountability and combating corruption / _cedited by Anwar Shah. |
| 260 |
_aWashington, D.C. : _bWorld Bank, _cc2007. |
||
| 300 |
_axxvi, 418 p. : _bill. ; _c23 cm. |
||
| 440 | 0 | _aPublic sector governance and accountability series | |
| 650 | 0 | _aTotal quality management in government. | |
| 650 | 0 |
_aPolitical corruption _xPrevention. |
|
| 700 | 1 | _aShah, Anwar. | |
| 856 | 4 | 1 |
_3Table of contents only _uhttp://www.loc.gov/catdir/toc/ecip076/2006101263.html |
| 942 |
_2lcc _cBK _n0 |
||
| 999 |
_c2520 _d2520 |
||